000 00414nam a2200133 a 4500
001 ASINB0000CQREZ
005 20150423094944.0
008 150423s1977 xxu eng d
245 0 0 _aStudies on current affairs.
260 _a[S.l.] :
_bProgressive Publishers,
_c1977.
300 _a1 v. (unpaged)
500 _aImport.
856 4 0 _3Amazon.com
_uhttp://www.amazon.com/exec/obidos/ASIN/B0000CQREZ/chopaconline-20
999 _c13299
_d13299